The Meji Japan through contemporary sources : Basic document, 1854 - 1889

Sparad:
Bibliografiska uppgifter
Institutionell upphovsman: The center for East Asian cultural studies
Materialtyp: Bok
Språk:Undetermined
Publicerad: Tokyo Tokyo Press 1969
Ämnen:
Taggar: Lägg till en tagg
Inga taggar, Lägg till första taggen!
Thư viện lưu trữ: Trung tâm Học liệu Trường Đại học Cần Thơ
LEADER 00621nam a2200205Ia 4500
001 CTU_111826
008 210402s9999 xx 000 0 und d
082 |a 952.031 
082 |b T374/Vol.1 
110 |a The center for East Asian cultural studies 
245 4 |a The Meji Japan through contemporary sources : 
245 0 |b Basic document, 1854 - 1889 
245 4 |c The center for East Asian cultural studies 
260 |a Tokyo 
260 |b Tokyo Press 
260 |c 1969 
650 |a Meiji,Contemporary sources 
650 |z Japan 
904 |i Hiếu 
980 |a Trung tâm Học liệu Trường Đại học Cần Thơ